000
00222nam a2200121Ia 4500
100
_a
#N/A
650
_a
General
942
_c
BK
654
_a
psychometric
245
_a
Psychometric
260
_b
#N/A
546
_a
ENGLISH
999
_c
26051
_d
26051